[Event "DVM U20w 2022"]
[Site "Münster GER"]
[Date "2022.12.27"]
[Round "1"]
[White "Kalina, Lena"]
[Black "Peglau, Charis"]
[Result "0-1"]
[Termination "normal"]
[Board "1.1"]
[WhiteElo "1842"]
[BlackElo "2008"]
[WhiteClock "00:27:06"]
[BlackClock "00:34:04"]
[WhiteTeam "SC Landskrone"]
[BlackTeam "Schachzentrum Seeblick e. V."]
[PlyCount "66"]
[WhiteFideId "12988014"]
[BlackFideId "16219996"]
[EventCountry "GER"]
[EventRounds "7"]
[EventType "team-swiss"]
[EventDate "2022.12.26"]

1. d4 {[%clk 01:30:58]} {[%emt 00:00:02]} c5 {[%clk 01:30:56]} {[%emt
00:00:05]} 2. d5 {[%clk 01:30:12]} {[%emt 00:00:46]} Nf6 {[%clk 01:31:17]}
{[%emt 00:00:09]} 3. c4 {[%clk 01:31:02]} {[%emt 00:00:09]} d6 {[%clk
01:31:32]} {[%emt 00:00:15]} 4. Nf3 {[%clk 01:30:12]} {[%emt 00:01:20]} g6
{[%clk 01:31:44]} {[%emt 00:00:19]} 5. Nc3 {[%clk 01:29:30]} {[%emt 00:01:12]}
Bg7 {[%clk 01:31:47]} {[%emt 00:00:26]} 6. g3 {[%emt 00:02:16]} O-O {[%clk
01:31:20]} {[%emt 00:00:58]} 7. Bg2 {[%clk 01:27:31]} {[%emt 00:00:42]} e5
{[%clk 01:22:33]} {[%emt 00:09:18]} 8. dxe6 {[%clk 01:18:34]} {[%emt 00:09:27]}
fxe6 {[%clk 01:22:00]} {[%emt 00:01:03]} 9. e4 {[%clk 01:12:20]} {[%emt
00:06:45]} Nc6 {[%clk 01:14:13]} {[%emt 00:08:16]} 10. O-O {[%clk 01:09:40]}
{[%emt 00:03:10]} e5 {[%clk 01:10:06]} {[%emt 00:04:37]} 11. Bg5 {[%clk
01:00:39]} {[%emt 00:09:31]} Nd4 {[%clk 01:05:54]} {[%emt 00:04:43]} 12. Nxd4
{[%clk 00:55:48]} {[%emt 00:05:21]} cxd4 {[%clk 01:04:08]} {[%emt 00:02:16]}
13. Nd5 {[%clk 00:52:55]} {[%emt 00:03:23]} Be6 {[%clk 01:02:40]} {[%emt
00:01:59]} 14. Nxf6 {[%clk 00:47:40]} {[%emt 00:05:45]} Bxf6 {[%clk 01:03:03]}
{[%emt 00:00:07]} 15. Bxf6 {[%clk 00:48:03]} {[%emt 00:00:07]} Qxf6 {[%clk
01:00:36]} {[%emt 00:02:57]} 16. Rc1 {[%clk 00:45:39]} {[%emt 00:02:53]} Rac8
{[%clk 00:59:45]} {[%emt 00:01:21]} 17. b3 {[%clk 00:42:54]} {[%emt 00:03:15]}
g5 {[%clk 00:53:09]} {[%emt 00:07:07]} 18. f3 {[%clk 00:38:07]} {[%emt
00:05:17]} b6 {[%clk 00:51:08]} {[%emt 00:02:30]} 19. Qd2 {[%clk 00:35:00]}
{[%emt 00:03:37]} Rf7 {[%clk 00:47:27]} {[%emt 00:04:11]} 20. Rf2 {[%clk
00:30:51]} {[%emt 00:04:39]} Rcf8 {[%clk 00:38:24]} {[%emt 00:09:34]} 21. Rcf1
{[%clk 00:27:06]} {[%emt 00:04:15]} Qh6 {[%emt 00:04:49]} 22. f4 gxf4 23. gxf4
Rxf4 24. Rxf4 Rxf4 25. Rxf4 Qxf4 26. Qxf4 exf4 27. Kf2 Bg4 28. Bf1 Kf7 29. Bd3
h6 30. Kg2 Kf6 31. Bc2 Be2 32. Kf2 d3 33. Bb1 Ke5 {[%clk 00:34:04]} 0-1

[Event "DVM U20w 2022"]
[Site "Münster GER"]
[Date "2022.12.27"]
[Round "1"]
[White "Peglau, Dora"]
[Black "Gröschel, Karoline"]
[Result "0-1"]
[Termination "normal"]
[Board "1.2"]
[WhiteElo "1869"]
[BlackElo "1709"]
[WhiteClock "00:34:02"]
[BlackClock "00:28:05"]
[WhiteTeam "Schachzentrum Seeblick e. V."]
[BlackTeam "SC Landskrone"]
[PlyCount "66"]
[WhiteFideId "16220005"]
[BlackFideId "34610537"]
[EventCountry "GER"]
[EventRounds "7"]
[EventType "team-swiss"]
[EventDate "2022.12.26"]

1. e4 {[%clk 01:30:56]} {[%emt 00:00:03]} c5 {[%clk 01:30:54]} {[%emt
00:00:07]} 2. Nf3 {[%clk 01:31:20]} {[%emt 00:00:06]} e6 {[%clk 01:31:18]}
{[%emt 00:00:07]} 3. g3 {[%clk 01:31:46]} {[%emt 00:00:05]} d5 {[%clk
01:31:01]} {[%emt 00:00:46]} 4. exd5 {[%clk 01:32:06]} {[%emt 00:00:10]} exd5
{[%clk 01:31:25]} {[%emt 00:00:05]} 5. d4 {[%clk 01:32:31]} {[%emt 00:00:06]}
Nf6 {[%clk 01:31:18]} {[%emt 00:00:38]} 6. Bg2 {[%clk 01:32:52]} {[%emt
00:00:08]} Be7 {[%clk 01:31:41]} {[%emt 00:00:07]} 7. O-O {[%clk 01:33:14]}
{[%emt 00:00:08]} O-O {[%clk 01:32:04]} {[%emt 00:00:08]} 8. Be3 {[%clk
01:33:14]} {[%emt 00:00:29]} Ng4 {[%clk 01:28:22]} {[%emt 00:04:12]} 9. Bf4
{[%clk 01:30:56]} {[%emt 00:02:48]} Nc6 {[%clk 01:25:58]} {[%emt 00:02:53]} 10.
Nc3 {[%clk 01:27:16]} {[%emt 00:04:09]} Bf5 {[%clk 01:13:41]} {[%emt 00:12:47]}
11. dxc5 {[%clk 01:17:49]} {[%emt 00:09:58]} d4 {[%clk 01:11:51]} {[%emt
00:02:20]} 12. Na4 {[%clk 00:55:57]} {[%emt 00:22:23]} Qa5 {[%clk 01:01:29]}
{[%emt 00:10:51]} 13. Nxd4 {[%clk 00:47:03]} {[%emt 00:09:24]} Nxd4 {[%clk
00:59:09]} {[%emt 00:02:50]} 14. Qxd4 {[%clk 00:47:18]} {[%emt 00:00:15]} Rad8
{[%clk 00:57:05]} {[%emt 00:02:32]} 15. Bd6 {[%clk 00:46:00]} {[%emt 00:01:49]}
Bxd6 {[%clk 00:52:40]} {[%emt 00:04:55]} 16. cxd6 {[%clk 00:46:15]} {[%emt
00:00:15]} Bxc2 {[%clk 00:39:34]} {[%emt 00:13:37]} 17. b3 {[%clk 00:45:12]}
{[%emt 00:01:34]} Nf6 {[%clk 00:35:45]} {[%emt 00:04:18]} 18. Bxb7 {[%clk
00:44:17]} {[%emt 00:01:25]} Ne8 {[%clk 00:33:01]} {[%emt 00:03:14]} 19. d7
{[%clk 00:42:39]} {[%emt 00:02:08]} Nf6 {[%clk 00:33:21]} {[%emt 00:00:10]} 20.
Nc5 {[%clk 00:41:37]} {[%emt 00:01:30]} Qb6 {[%clk 00:32:13]} {[%emt 00:01:17]}
21. Bc8 {[%clk 00:36:11]} {[%emt 00:06:18]} Ne4 {[%clk 00:28:05]} {[%emt
00:04:38]} 22. b4 {[%clk 00:34:02]} {[%emt 00:02:39]} Nd6 23. Rac1 {[%clk
00:34:02]} Bf5 24. Qf4 {[%clk 00:34:02]} Bh3 25. Na4 {[%clk 00:34:02]} Qb8 26.
Rfd1 {[%clk 00:34:02]} Qa8 27. f3 {[%clk 00:34:02]} Nxc8 28. Rxc8 {[%clk
00:34:02]} Rxc8 29. dxc8=Q {[%clk 00:34:02]} Rxc8 30. Nc5 {[%clk 00:34:02]} a5
31. g4 {[%clk 00:34:02]} axb4 32. Rd7 {[%clk 00:34:02]} Qxa2 33. Qxb4 {[%clk
00:34:02]} Qg2# 0-1

[Event "DVM U20w 2022"]
[Site "Münster GER"]
[Date "2022.12.27"]
[Round "1"]
[White "Müller, Riyanna"]
[Black "Peglau, Mirjam"]
[Result "0-1"]
[Termination "normal"]
[Board "1.3"]
[WhiteElo "1619"]
[BlackElo "1875"]
[WhiteClock "00:17:23"]
[BlackClock "00:51:51"]
[WhiteTeam "SC Landskrone"]
[BlackTeam "Schachzentrum Seeblick e. V."]
[PlyCount "112"]
[WhiteFideId "16287401"]
[BlackFideId "16211138"]
[EventCountry "GER"]
[EventRounds "7"]
[EventType "team-swiss"]
[EventDate "2022.12.26"]

1. e4 {[%clk 01:30:58]} {[%emt 00:00:01]} e6 {[%clk 01:30:56]} {[%emt
00:00:05]} 2. d4 {[%clk 01:31:21]} {[%emt 00:00:06]} d5 {[%clk 01:31:25]}
{[%emt 00:00:02]} 3. e5 {[%clk 01:31:43]} {[%emt 00:00:08]} c5 {[%clk
01:31:51]} {[%emt 00:00:05]} 4. c3 {[%clk 01:32:00]} {[%emt 00:00:13]} Bd7
{[%clk 01:32:15]} {[%emt 00:00:06]} 5. Nf3 {[%clk 01:32:02]} {[%emt 00:00:28]}
Nc6 {[%clk 01:32:39]} {[%emt 00:00:06]} 6. Bd3 {[%clk 01:26:19]} {[%emt
00:06:13]} Qb6 {[%clk 01:32:51]} {[%emt 00:00:18]} 7. dxc5 {[%clk 01:23:33]}
{[%emt 00:03:17]} Bxc5 {[%clk 01:33:10]} {[%emt 00:00:10]} 8. b4 {[%clk
01:23:24]} {[%emt 00:00:39]} Bxf2 {[%clk 01:23:17]} {[%emt 00:10:24]} 9. Ke2
{[%clk 01:23:24]} {[%emt 00:00:30]} Nxb4 {[%clk 01:22:16]} {[%emt 00:01:31]}
10. cxb4 {[%clk 01:16:27]} {[%emt 00:07:27]} Bd4 {[%clk 01:18:21]} {[%emt
00:04:25]} 11. Nxd4 {[%clk 01:14:20]} {[%emt 00:02:37]} Qxd4 {[%clk 01:18:49]}
{[%emt 00:00:02]} 12. Qb3 {[%clk 01:13:36]} {[%emt 00:01:14]} Qxe5 {[%clk
01:18:07]} {[%emt 00:01:11]} 13. Kd1 {[%clk 01:11:44]} {[%emt 00:02:21]} Nf6
{[%clk 01:12:48]} {[%emt 00:05:50]} 14. Bb2 {[%clk 01:09:12]} {[%emt 00:03:02]}
Qg5 {[%clk 01:12:55]} {[%emt 00:00:22]} 15. Qc2 {[%clk 01:06:13]} {[%emt
00:03:29]} Ng4 {[%clk 01:06:41]} {[%emt 00:06:44]} 16. Qc1 {[%clk 00:42:45]}
{[%emt 00:23:58]} Nf2 {[%clk 01:05:15]} {[%emt 00:01:57]} 17. Ke2 {[%clk
00:42:58]} {[%emt 00:00:16]} Qxg2 {[%clk 01:02:24]} {[%emt 00:03:22]} 18. Qf1
{[%clk 00:31:00]} {[%emt 00:12:23]} Nxd3 {[%clk 00:55:32]} {[%emt 00:07:26]}
19. Qxg2 {[%clk 00:29:37]} {[%emt 00:01:52]} Nf4 {[%clk 00:55:58]} {[%emt
00:00:05]} 20. Kf2 {[%clk 00:29:20]} {[%emt 00:00:45]} Nxg2 {[%clk 00:56:25]}
{[%emt 00:00:05]} 21. Kxg2 {[%clk 00:29:40]} {[%emt 00:00:10]} O-O {[%clk
00:56:42]} {[%emt 00:00:13]} 22. Nd2 {[%clk 00:28:55]} {[%emt 00:01:15]} f6
{[%clk 00:56:38]} {[%emt 00:00:34]} 23. Rac1 {[%clk 00:27:50]} {[%emt
00:01:34]} Rac8 {[%clk 00:54:59]} {[%emt 00:02:11]} 24. Nb3 {[%clk 00:25:41]}
{[%emt 00:02:39]} b6 {[%clk 00:54:05]} {[%emt 00:01:25]} 25. Rhd1 {[%clk
00:24:25]} {[%emt 00:01:05]} e5 {[%clk 00:52:56]} {[%emt 00:02:19]} 26. Rd2
{[%clk 00:20:57]} {[%emt 00:03:56]} Rxc1 {[%clk 00:51:26]} {[%emt 00:02:02]}
27. Bxc1 {[%clk 00:20:58]} {[%emt 00:00:30]} Rc8 {[%clk 00:51:38]} {[%emt
00:00:18]} 28. Kf2 {[%clk 00:20:23]} {[%emt 00:01:00]} d4 {[%clk 00:51:51]}
{[%emt 00:00:21]} 29. Bb2 {[%clk 00:17:23]} {[%emt 00:03:30]} Ba4 30. Kf3
{[%clk 00:17:23]} Kf7 31. h4 {[%clk 00:17:23]} Rc4 32. Nc1 {[%clk 00:17:23]}
Rxb4 33. Nd3 {[%clk 00:17:23]} Rc4 34. Ba3 {[%clk 00:17:23]} Ke6 35. Bf8 {[%clk
00:17:23]} Rc7 36. Rf2 {[%clk 00:17:23]} Rc3 37. Rd2 {[%clk 00:17:23]} Bb5 38.
Bxg7 {[%clk 00:17:23]} Bxd3 39. Kg4 {[%clk 00:17:23]} Bf5 40. Kh5 {[%clk
00:17:23]} d3 41. a3 {[%clk 00:17:23]} e4 42. Bh6 {[%clk 00:17:23]} Rc2 43.
Rxc2 {[%clk 00:17:23]} dxc2 44. Bf4 {[%clk 00:17:23]} Kd5 45. Kh6 {[%clk
00:17:23]} Kc4 46. Kg7 {[%clk 00:17:23]} Kd3 47. Bc1 {[%clk 00:17:23]} e3 48.
Kxf6 {[%clk 00:17:23]} Bg6 49. a4 {[%clk 00:17:23]} e2 50. h5 {[%clk 00:17:23]}
Bxh5 51. a5 {[%clk 00:17:23]} e1=Q 52. axb6 {[%clk 00:17:23]} Qxc1 53. b7
{[%clk 00:17:23]} Qf4 54. Kg7 {[%clk 00:17:23]} Qf7 55. Kh8 {[%clk 00:17:23]}
Bg6 56. b8=N {[%clk 00:17:23]} Qf8# 0-1

[Event "DVM U20w 2022"]
[Site "Münster GER"]
[Date "2022.12.27"]
[Round "1"]
[White "Peglau, Sarah"]
[Black "Hartmann, Hannah"]
[Result "1-0"]
[Termination "normal"]
[Board "1.4"]
[WhiteElo "1790"]
[BlackElo "1296"]
[WhiteClock "00:41:24"]
[BlackClock "00:25:00"]
[WhiteTeam "Schachzentrum Seeblick e. V."]
[BlackTeam "SC Landskrone"]
[PlyCount "103"]
[WhiteFideId "16219961"]
[BlackFideId "16235274"]
[EventCountry "GER"]
[EventRounds "7"]
[EventType "team-swiss"]
[EventDate "2022.12.26"]

1. c4 {[%clk 01:30:54]} {[%emt 00:00:04]} e5 {[%clk 01:30:55]} {[%emt
00:00:06]} 2. g3 {[%clk 01:31:16]} {[%emt 00:00:09]} Nf6 {[%clk 01:30:57]}
{[%emt 00:00:28]} 3. Nc3 {[%clk 01:31:24]} {[%emt 00:00:21]} Bc5 {[%clk
01:31:02]} {[%emt 00:00:24]} 4. Bg2 {[%clk 01:31:35]} {[%emt 00:00:20]} c6
{[%clk 01:30:44]} {[%emt 00:00:48]} 5. d3 {[%clk 01:24:04]} {[%emt 00:08:01]}
d5 {[%clk 01:27:35]} {[%emt 00:03:40]} 6. cxd5 {[%clk 01:21:31]} {[%emt
00:03:03]} cxd5 {[%clk 01:27:50]} {[%emt 00:00:15]} 7. Nf3 {[%clk 01:20:49]}
{[%emt 00:01:12]} Nc6 {[%clk 01:26:25]} {[%emt 00:01:54]} 8. Bg5 {[%clk
01:20:53]} {[%emt 00:00:26]} Be6 {[%clk 01:22:11]} {[%emt 00:04:44]} 9. Qa4
{[%clk 01:17:32]} {[%emt 00:03:50]} O-O {[%clk 01:13:28]} {[%emt 00:09:14]} 10.
O-O {[%clk 01:12:42]} {[%emt 00:05:20]} Be7 {[%clk 01:08:03]} {[%emt 00:05:54]}
11. Rfc1 {[%clk 01:09:56]} {[%emt 00:03:16]} a6 {[%clk 01:05:35]} {[%emt
00:02:58]} 12. a3 {[%clk 01:07:19]} {[%emt 00:03:08]} Rc8 {[%clk 01:01:06]}
{[%emt 00:04:58]} 13. b4 {[%clk 01:06:17]} {[%emt 00:01:32]} Qd6 {[%clk
00:53:45]} {[%emt 00:07:51]} 14. b5 {[%clk 01:02:06]} {[%emt 00:04:41]} Na7
{[%clk 00:48:17]} {[%emt 00:05:58]} 15. b6 {[%clk 00:54:09]} {[%emt 00:08:27]}
Nc6 {[%clk 00:42:14]} {[%emt 00:06:33]} 16. Qd1 {[%clk 00:53:21]} {[%emt
00:01:17]} Nd7 {[%clk 00:37:53]} {[%emt 00:04:51]} 17. a4 {[%clk 00:47:25]}
{[%emt 00:06:26]} Nxb6 {[%clk 00:32:25]} {[%emt 00:05:58]} 18. Rab1 {[%clk
00:46:22]} {[%emt 00:01:33]} Bxg5 {[%clk 00:29:35]} {[%emt 00:03:20]} 19. Nxg5
{[%clk 00:46:45]} {[%emt 00:00:08]} Ne7 {[%clk 00:29:44]} {[%emt 00:00:21]} 20.
a5 {[%clk 00:46:02]} {[%emt 00:01:12]} Nd7 {[%clk 00:29:20]} {[%emt 00:00:54]}
21. Rxb7 {[%clk 00:45:58]} {[%emt 00:00:35]} f6 {[%clk 00:27:44]} {[%emt
00:02:07]} 22. Nxe6 {[%clk 00:46:05]} {[%emt 00:00:22]} Qxe6 {[%clk 00:28:06]}
{[%emt 00:00:07]} 23. Qd2 {[%clk 00:42:26]} {[%emt 00:04:09]} Nc5 {[%clk
00:26:40]} {[%emt 00:01:56]} 24. Rb6 {[%clk 00:41:24]} {[%emt 00:01:31]} Rc6
{[%clk 00:25:00]} {[%emt 00:02:10]} 25. Rxc6 Qxc6 {[%clk 00:25:00]} 26. Qa2 Rd8
{[%clk 00:25:00]} 27. Rb1 Kf8 {[%clk 00:25:00]} 28. Rb6 Qd7 {[%clk 00:25:00]}
29. Qa3 Qc7 {[%clk 00:25:00]} 30. Qb4 d4 {[%clk 00:25:00]} 31. Ne4 Nxe4 {[%clk
00:25:00]} 32. Bxe4 h6 {[%clk 00:25:00]} 33. Rxa6 Qc3 {[%clk 00:25:00]} 34. Rb6
Qxb4 {[%clk 00:25:00]} 35. Rxb4 Rd7 {[%clk 00:25:00]} 36. Rb7 Rd6 {[%clk
00:25:00]} 37. Ra7 Ke8 {[%clk 00:25:00]} 38. a6 g5 {[%clk 00:25:00]} 39. Rxe7
Kxe7 {[%clk 00:25:00]} 40. a7 Ra6 {[%clk 00:25:00]} 41. a8=Q Rxa8 {[%clk
00:25:00]} 42. Bxa8 f5 {[%clk 00:25:00]} 43. Kg2 Kf6 {[%clk 00:25:00]} 44. e3
Ke6 {[%clk 00:25:00]} 45. exd4 exd4 {[%clk 00:25:00]} 46. f4 g4 {[%clk
00:25:00]} 47. h3 h5 {[%clk 00:25:00]} 48. h4 Kd6 {[%clk 00:25:00]} 49. Bb7 Kd7
{[%clk 00:25:00]} 50. Bd5 Ke7 {[%clk 00:25:00]} 51. Kf2 Kf6 {[%clk 00:25:00]}
52. Ke2 1-0

[Event "DVM U20w 2022"]
[Site "Münster GER"]
[Date "2022.12.27"]
[Round "1"]
[White "Dietz, Kristin"]
[Black "Berghold, Lotta"]
[Result "1-0"]
[Termination "normal"]
[Board "2.1"]
[WhiteElo "1762"]
[BlackElo "1589"]
[WhiteClock "00:46:50"]
[BlackClock "00:15:56"]
[WhiteTeam "USV Halle"]
[BlackTeam "SC Borussia Lichtenberg"]
[PlyCount "113"]
[WhiteFideId "12993743"]
[BlackFideId "16243463"]
[EventCountry "GER"]
[EventRounds "7"]
[EventType "team-swiss"]
[EventDate "2022.12.26"]

1. e4 {[%clk 01:30:58]} {[%emt 00:00:02]} c6 {[%clk 01:30:52]} {[%emt
00:00:08]} 2. d4 {[%clk 01:31:24]} {[%emt 00:00:03]} d5 {[%clk 01:31:18]}
{[%emt 00:00:04]} 3. Nd2 {[%clk 01:31:32]} {[%emt 00:00:21]} dxe4 {[%clk
01:31:40]} {[%emt 00:00:08]} 4. Nxe4 {[%clk 01:31:58]} {[%emt 00:00:05]} Nf6
{[%clk 01:31:27]} {[%emt 00:00:43]} 5. Nxf6 {[%clk 01:32:22]} {[%emt 00:00:06]}
exf6 {[%clk 01:31:55]} {[%emt 00:00:02]} 6. c3 {[%clk 01:32:36]} {[%emt
00:00:15]} Bd6 {[%clk 01:31:15]} {[%emt 00:01:10]} 7. Bd3 {[%clk 01:32:59]}
{[%emt 00:00:08]} O-O {[%clk 01:30:15]} {[%emt 00:01:29]} 8. Qc2 {[%clk
01:33:07]} {[%emt 00:00:22]} Re8 {[%clk 01:30:30]} {[%emt 00:00:15]} 9. Ne2
{[%clk 01:33:24]} {[%emt 00:00:14]} h5 {[%clk 01:29:46]} {[%emt 00:01:14]} 10.
Be3 {[%clk 01:32:53]} {[%emt 00:01:01]} h4 {[%clk 01:27:25]} {[%emt 00:02:51]}
11. O-O-O {[%clk 01:31:37]} {[%emt 00:01:46]} Nd7 {[%clk 01:17:33]} {[%emt
00:10:22]} 12. Kb1 {[%clk 01:31:07]} {[%emt 00:01:00]} Nf8 {[%clk 01:17:10]}
{[%emt 00:00:53]} 13. c4 {[%clk 01:28:25]} {[%emt 00:03:12]} Qa5 {[%clk
01:00:50]} {[%emt 00:16:50]} 14. g3 {[%clk 01:20:14]} {[%emt 00:08:41]} h3
{[%clk 00:57:36]} {[%emt 00:03:44]} 15. Nc3 {[%clk 01:08:56]} {[%emt 00:11:48]}
Bd7 {[%clk 00:47:25]} {[%emt 00:10:41]} 16. Ne4 {[%clk 01:05:07]} {[%emt
00:04:19]} Be7 {[%clk 00:46:31]} {[%emt 00:01:23]} 17. Rhg1 {[%clk 01:02:25]}
{[%emt 00:03:12]} b5 {[%clk 00:36:16]} {[%emt 00:10:46]} 18. g4 {[%clk
00:57:00]} {[%emt 00:05:55]} Be6 {[%clk 00:26:49]} {[%emt 00:09:56]} 19. g5
{[%clk 00:56:19]} {[%emt 00:01:12]} bxc4 {[%clk 00:20:30]} {[%emt 00:06:48]}
20. Bxc4 {[%clk 00:54:50]} {[%emt 00:01:59]} Bxc4 {[%clk 00:15:53]} {[%emt
00:05:06]} 21. Qxc4 {[%clk 00:54:49]} {[%emt 00:00:32]} Qf5 {[%clk 00:16:07]}
{[%emt 00:00:17]} 22. Qd3 {[%clk 00:47:09]} {[%emt 00:08:10]} fxg5 {[%clk
00:15:52]} {[%emt 00:00:45]} 23. Bxg5 {[%clk 00:46:35]} {[%emt 00:01:03]} Bxg5
{[%clk 00:15:56]} {[%emt 00:00:26]} 24. Nxg5 {[%clk 00:46:50]} {[%emt
00:00:15]} Qxd3 25. Rxd3 {[%clk 00:46:50]} Re2 26. Nxh3 {[%clk 00:46:50]} Ng6
27. Re3 {[%clk 00:46:50]} Rd2 28. Rc3 {[%clk 00:46:50]} Rxd4 29. Rxc6 {[%clk
00:46:50]} Rd2 30. Rgc1 {[%clk 00:46:50]} a5 31. Rc8 {[%clk 00:46:50]} Rxc8 32.
Rxc8 {[%clk 00:46:50]} Nf8 33. Kc1 {[%clk 00:46:50]} Rd5 34. Nf4 {[%clk
00:46:50]} Rf5 35. Nd3 {[%clk 00:46:50]} g5 36. Rc5 {[%clk 00:46:50]} Rxc5 37.
Nxc5 {[%clk 00:46:50]} Ng6 38. Ne4 {[%clk 00:46:50]} Ne5 39. Nxg5 {[%clk
00:46:50]} Ng4 40. Ne4 {[%clk 00:46:50]} Nxh2 41. Kc2 {[%clk 00:46:50]} f5 42.
Nd2 {[%clk 00:46:50]} Ng4 43. f3 {[%clk 00:46:50]} Ne5 44. Kb3 {[%clk
00:46:50]} Nd3 45. Kc3 {[%clk 00:46:50]} Nc1 46. a4 {[%clk 00:46:50]} Kf7 47.
Nb3 {[%clk 00:46:50]} Nxb3 48. Kxb3 {[%clk 00:46:50]} Ke6 49. Kc4 {[%clk
00:46:50]} Ke5 50. b4 {[%clk 00:46:50]} axb4 51. a5 {[%clk 00:46:50]} Kf4 52.
a6 {[%clk 00:46:50]} Kxf3 53. a7 {[%clk 00:46:50]} Kg3 54. a8=Q {[%clk
00:46:50]} f4 55. Qh1 {[%clk 00:46:50]} Kf2 56. Kd3 {[%clk 00:46:50]} b3 57.
Qh2 {[%clk 00:46:50]} 1-0

[Event "DVM U20w 2022"]
[Site "Münster GER"]
[Date "2022.12.27"]
[Round "1"]
[White "Hafermann, Lara"]
[Black "Voigt, Anastasia"]
[Result "0-1"]
[Termination "normal"]
[Board "2.2"]
[WhiteElo "1414"]
[BlackElo "1825"]
[WhiteClock "00:45:33"]
[BlackClock "00:19:05"]
[WhiteTeam "SC Borussia Lichtenberg"]
[BlackTeam "USV Halle"]
[PlyCount "72"]
[WhiteFideId "16298306"]
[BlackFideId "16235223"]
[EventCountry "GER"]
[EventRounds "7"]
[EventType "team-swiss"]
[EventDate "2022.12.26"]

1. d4 {[%clk 01:30:57]} {[%emt 00:00:02]} d5 {[%clk 01:30:55]} {[%emt
00:00:05]} 2. c3 {[%clk 01:31:21]} {[%emt 00:00:07]} Nf6 {[%clk 01:30:56]}
{[%emt 00:00:28]} 3. e3 {[%clk 01:31:42]} {[%emt 00:00:08]} e6 {[%clk
01:29:45]} {[%emt 00:01:42]} 4. f4 {[%clk 01:31:31]} {[%emt 00:00:42]} Bd6
{[%clk 01:28:05]} {[%emt 00:02:09]} 5. Nf3 {[%clk 01:31:28]} {[%emt 00:00:33]}
O-O {[%clk 01:24:45]} {[%emt 00:03:51]} 6. Bd3 {[%clk 01:30:37]} {[%emt
00:01:20]} b6 {[%clk 01:22:56]} {[%emt 00:02:19]} 7. O-O {[%clk 01:23:49]}
{[%emt 00:07:18]} Bb7 {[%clk 01:21:48]} {[%emt 00:01:38]} 8. Ne5 {[%clk
01:21:13]} {[%emt 00:03:07]} Ne4 {[%clk 01:20:08]} {[%emt 00:02:09]} 9. Qh5
{[%clk 01:17:27]} {[%emt 00:04:16]} f6 {[%clk 01:12:05]} {[%emt 00:08:33]} 10.
Ng4 {[%clk 01:11:42]} {[%emt 00:06:15]} Qe8 {[%clk 01:06:04]} {[%emt 00:06:30]}
11. Qh3 {[%clk 01:05:45]} {[%emt 00:06:28]} c5 {[%clk 00:49:39]} {[%emt
00:16:55]} 12. Nd2 {[%clk 01:03:02]} {[%emt 00:03:12]} Nd7 {[%clk 00:42:54]}
{[%emt 00:07:15]} 13. Rf3 {[%clk 00:57:47]} {[%emt 00:05:45]} f5 {[%clk
00:38:33]} {[%emt 00:04:51]} 14. Ne5 {[%clk 00:54:17]} {[%emt 00:04:00]} Nxe5
{[%clk 00:38:09]} {[%emt 00:00:54]} 15. dxe5 {[%clk 00:51:55]} {[%emt
00:02:52]} Be7 {[%clk 00:38:19]} {[%emt 00:00:20]} 16. g4 {[%clk 00:45:33]}
{[%emt 00:06:52]} Qf7 {[%clk 00:19:05]} {[%emt 00:19:44]} 17. Bxe4 fxe4 {[%clk
00:19:05]} 18. Rg3 g5 {[%clk 00:19:05]} 19. Nb3 Qg6 {[%clk 00:19:05]} 20. Bd2
Ba6 {[%clk 00:19:05]} 21. Kh1 Be2 {[%clk 00:19:05]} 22. Rag1 Bf3 {[%clk
00:19:05]} 23. Rxf3 exf3 {[%clk 00:19:05]} 24. Qxf3 Qe4 {[%clk 00:19:05]} 25.
Qxe4 dxe4 {[%clk 00:19:05]} 26. Rf1 Rad8 {[%clk 00:19:05]} 27. Bc1 Rd3 {[%clk
00:19:05]} 28. f5 exf5 {[%clk 00:19:05]} 29. gxf5 Rd5 {[%clk 00:19:05]} 30. f6
Rxe5 {[%clk 00:19:05]} 31. fxe7 Rxf1 {[%clk 00:19:05]} 32. Kg2 Rf7 {[%clk
00:19:05]} 33. Nd2 Rexe7 {[%clk 00:19:05]} 34. Nf3 exf3 {[%clk 00:19:05]} 35.
Kh1 f2 {[%clk 00:19:05]} 36. Bd2 f1=Q# {[%clk 00:19:05]} 0-1